Интернет-технологии в организации самостоятельной работы студентов (на примере дисциплины "Иностранный язык"); В мире научных открытий; № 11.8 (47)
| Parent link: | В мире научных открытий.— , 2008- № 11.8 (47).— 2013.— [С. 345-347] |
|---|---|
| Autore principale: | |
| Ente Autore: | |
| Riassunto: | Заглавие с экрана В статье рассматриваются вопросы использования Интернет-технологий в обучении иностранным языкам. Отмечается, что Интернет предоставляет студентам возможность для осуществления межкультурной коммуникации. Использование Интернет-технологий в процессе самостоятельной работы способствует развитию иноязычных навыков и умений, а также профессионально значимых компетенций. The article discusses the use of Internet technologies in teaching foreign languages. It is noted that the Internet provides students with the opportunity to carry out cross-cultural communication. The use of Internet technology in the process of self-study contributes to the development of foreign language skills, as well as professionally important competencies. Режим доступа: по договору с организацией-держателем ресурса |
| Lingua: | russo |
| Pubblicazione: |
2013
|
| Soggetti: | |
| Accesso online: | http://elibrary.ru/item.asp?id=21242798 |
| Natura: | MixedMaterials Elettronico Capitolo di libro |
| KOHA link: | https://koha.lib.tpu.ru/cgi-bin/koha/opac-detail.pl?biblionumber=642501 |
MARC
| LEADER | 00000nla0a2200000 4500 | ||
|---|---|---|---|
| 001 | 642501 | ||
| 005 | 20250205115900.0 | ||
| 035 | |a (RuTPU)RU\TPU\network\7458 | ||
| 090 | |a 642501 | ||
| 100 | |a 20150626d2013 k||y0rusy50 ca | ||
| 101 | 0 | |a rus | |
| 102 | |a RU | ||
| 135 | |a drcn ---uucaa | ||
| 181 | 0 | |a i | |
| 182 | 0 | |a b | |
| 200 | 1 | |a Интернет-технологии в организации самостоятельной работы студентов (на примере дисциплины "Иностранный язык") |d Internet-based technologies in the organization of students' independent work (through the example of the discipline “Foreign Language”) |f М. В. Куимова | |
| 203 | |a Текст |c электронный | ||
| 300 | |a Заглавие с экрана | ||
| 320 | |a [Библиогр.: с. 347 (7 назв.)] | ||
| 330 | |a В статье рассматриваются вопросы использования Интернет-технологий в обучении иностранным языкам. Отмечается, что Интернет предоставляет студентам возможность для осуществления межкультурной коммуникации. Использование Интернет-технологий в процессе самостоятельной работы способствует развитию иноязычных навыков и умений, а также профессионально значимых компетенций. | ||
| 330 | |a The article discusses the use of Internet technologies in teaching foreign languages. It is noted that the Internet provides students with the opportunity to carry out cross-cultural communication. The use of Internet technology in the process of self-study contributes to the development of foreign language skills, as well as professionally important competencies. | ||
| 333 | |a Режим доступа: по договору с организацией-держателем ресурса | ||
| 461 | |t В мире научных открытий |d 2008- | ||
| 463 | |t № 11.8 (47) |v [С. 345-347] |d 2013 | ||
| 510 | 1 | |a Internet-based technologies in the organization of students' independent work (through the example of the discipline "Foreign Language") |z eng | |
| 610 | 1 | |a электронный ресурс | |
| 610 | 1 | |a труды учёных ТПУ | |
| 610 | 1 | |a обучение | |
| 610 | 1 | |a иностранные языки | |
| 610 | 1 | |a технические вузы | |
| 610 | 1 | |a высшее образование | |
| 610 | 1 | |a интернет-ресурсы | |
| 610 | 1 | |a мультимедиа | |
| 610 | 1 | |a самостоятельная работа | |
| 700 | 1 | |a Куимова |b М. В. |c лингвист |c заведующий кафедрой Томского политехнического университета, кандидат педагогических наук |f 1976- |g Марина Валерьевна |3 (RuTPU)RU\TPU\pers\27886 |9 12902 | |
| 712 | 0 | 2 | |a Национальный исследовательский Томский политехнический университет (ТПУ) |b Институт неразрушающего контроля (ИНК) |b Кафедра иностранных языков Института неразрушающего контроля (ИЯНК) |3 (RuTPU)RU\TPU\col\18721 |
| 801 | 2 | |a RU |b 63413507 |c 20150626 |g RCR | |
| 856 | 4 | |u http://elibrary.ru/item.asp?id=21242798 | |
| 942 | |c CF | ||